| 000 | 00358nam a2200133Ia 4500 | ||
|---|---|---|---|
| 008 | 231129s1998||||xx |||||||||||||| ||spa|| | ||
| 040 | _bspa | ||
| 082 | _a707.4 S175 | ||
| 100 | _aSalon Nacional de Artistas (Colombia) (37. : 1998). | ||
| 245 | 0 | _a37 Salon Nacional de artistas 1998. | |
| 260 | _c1998 | ||
| 264 | _aMinisterio de Cultura | ||
| 942 |
_2ddc _cBKS |
||
| 999 |
_c4239 _d4239 |
||